| 000 | 00837nas a2200277 4500 | ||
|---|---|---|---|
| 001 | BR2014002803 | ||
| 003 | BR-BrBNA | ||
| 005 | 20231205123951.0 | ||
| 007 | ta | ||
| 008 | 230509b bl.|||p| |||| 00| 00por d | ||
| 040 |
_aBR-BrBNA _bpor _cBiblioteca Nacional de Agricultura |
||
| 041 | _a(Pt) | ||
| 072 | _aE10; D50 | ||
| 100 | 1 | _aCampos, S.A.C. | |
| 100 | 1 | _aBacha, C.J.C. | |
| 245 | 1 | _aO custo privado da reserva legal | |
| 650 | _aAGRICULTURA | ||
| 650 | _aPECUÁRIA | ||
| 650 | _aLEGISLAÇÃO FLORESTAL | ||
| 650 | _aRENTABILIDADE | ||
| 650 | _aPRODUTOR | ||
| 773 | 0 |
_tRevista de Política Agrícola (Brazil) _xISSN 1413-4969 _g(Apr-Jun 2013), v. 22(2) p. 85-104 _wBR2014002803 |
|
| 856 | 4 |
_uRPA_02_2013.pdf#page=86-105 _yRecurso eletrônico (PDF) |
|
| 909 |
_a202311 _bLúcia _c55 _dLúcia Elande |
||
| 942 |
_2AGRIS _n0 _cANA |
||
| 999 |
_c236661 _d236661 |
||